• 首页
  • 本馆介绍
  • 公告通知
  • 最新文献
  • 馆藏检索
  • 电子资源
  • 读者导购
  • 参考咨询
  • 我的图书馆
  • 登录
  • 详细信息显示
  • 放入我的书架
  • 预约/预借图书
  • 作者相关作品
  • 分类相关作品
  • 丛书相关作品
  • 出版社相关作品

书目信息

  • 表格格式
  • 工作单格式
  • 卡片格式
题名:
森林与文化
    
 
作者: 苏祖荣 , 苏孝同 主编
分册:  
出版信息: 北京   中国林业出版社  2019
页数: 305页
开本: 25cm
丛书名: 福建森林文化丛书
单 册:
中图分类: S7-05
科图分类:
主题词: 森林--sen lin--文化--文集
电子资源:
ISBN: 978-7-5038-6812-2
000 00924nam 2200289 45
001 012001002585
005 20140101164654.0
010    @a978-7-5038-6812-2@dCNY48.00
099    @aCAL 012013019532
100    @a20130219d2012 em y0chiy50 ea
101 0  @achi
102    @aCN@b110000
105    @ak a 000yy
106    @ar
200 1  @a森林与文化@Asen lin yu wen hua@f苏祖荣, 苏孝同主编
210    @a北京@c中国林业出版社@d2019
215    @a305页@d25cm
225 2  @a福建森林文化丛书@Afu jian sen lin wen hua cong shu
320    @a有书目
330    @a本书分为理论篇、实践篇上下两部分, 具体内容包括: 森林文化概要 ; 森林文化发展的不同历史阶段 ; 森林美学等。
410  0 @12001@a福建森林文化丛书
606 0  @a森林@Asen lin@x文化@j文集
690    @aS7-05@v5
701  0 @a苏祖荣@Asu zu rong@4主编
701  0 @a苏孝同@Asu xiao tong@4主编
801  0 @aCN@b北京卓展@c20191020
905    @b1203967-8@dS7-05@e130@f2
    
    森林与文化/苏祖荣, 苏孝同主编.-北京:中国林业出版社,2019
    305页;25cm.-(福建森林文化丛书)
    
    
    ISBN 978-7-5038-6812-2:CNY48.00
    本书分为理论篇、实践篇上下两部分, 具体内容包括: 森林文化概要 ; 森林文化发展的不同历史阶段 ; 森林美学等。
●
相关链接 在E读中查询图书 在五车中查询图书 在当当中查询图书 在豆瓣中查询图书


正题名:森林与文化     索取号:S7-05/130         预约/预借

序号 登录号 条形码 馆藏地/架位号 状态 备注
1 1203967   212039676   第二样本阅览室/ [索取号:S7-05/130] 在馆    
2 1203968   212039685   第三借阅区/ [索取号:S7-05/130] 在馆    
唐山师范学院图书馆 欢迎您!
大连网信软件有限公司© 版权所有